|
|
|
|
| LEADER |
00000nam0a2200000 4500 |
| 001 |
682220 |
| 005 |
20251013111210.0 |
| 090 |
|
|
|a 682220
|
| 100 |
|
|
|a 20251013d1972 k||y0rusy50 ca
|
| 101 |
|
|
|a rus
|
| 102 |
1 |
|
|a RU
|
| 105 |
|
|
|a a z 001yy
|
| 181 |
|
0 |
|a i
|b e
|
| 182 |
|
0 |
|a n
|
| 183 |
|
0 |
|a nc
|2 RDAcarrier
|
| 200 |
1 |
|
|a Радиационная дефектоскопия бетонных и железобетонных конструкций (с применением тормозного излучения)
|f В. А. Воробьев
|
| 203 |
|
|
|a Текст
|b визуальный
|c непосредственный
|
| 210 |
|
|
|a Москва
|c Изд-во литературы по строительству
|d 1972
|
| 283 |
|
|
|a volume
|2 RDAcarrier
|
| 320 |
|
|
|a Литература: с. 144-145
|
| 606 |
|
|
|a Железобетонные конструкции
|x Дефектоскопия
|9 37676
|
| 610 |
1 |
|
|a радиографический контроль
|
| 610 |
1 |
|
|a однородные поглотители
|
| 610 |
1 |
|
|a бетатроны
|
| 610 |
1 |
|
|a поглотители
|
| 675 |
|
|
|a 691.328:620.1
|v 4
|
| 700 |
|
|
|a Воробьев
|b В. А.
|g Владимир Александрович
|
| 801 |
|
0 |
|a RU
|b 63413507
|c 20251013
|
| 830 |
|
|
|a Ретро2025Каталогизация Мотырева
|
| 850 |
|
|
|a 63413507
|
| 942 |
|
|
|c BK
|